| 000 | 00625nam a22001937a 4500 | ||
|---|---|---|---|
| 005 | 20170831104403.0 | ||
| 010 | _aENG-120190 | ||
| 020 |
_a8171021824 _c500.00 |
||
| 035 | _aEN-103722 | ||
| 037 | _bDBAD/PUB | ||
| 082 | _a632.152 | ||
| 100 | _aGhosh, Manojit | ||
| 245 |
_aSustainability, water use and economic incentives : _ba case for greater Kolkata / _cby Manojit Ghosh |
||
| 260 |
_aKolkata _bFirma KLM _c2016 |
||
| 270 |
_a257B, Bipin Behari Ganguly Street _bKolkata _e700012 |
||
| 300 |
_a271p. _c21cm(Hb) |
||
| 500 | _aIncludes bibliographical reference | ||
| 942 |
_2ddc _cEN _h632.152 _mGHO |
||
| 999 |
_c143910 _d143910 |
||